000 01047 a2200217 4500
003 Nust
005 20221226103858.0
010 _a 95048225
020 _a020148997X
040 _cNust
082 0 0 _a621.3916,POO
100 1 _aPoor, Alfred E.
_9105874
245 1 4 _aThe underground guide to troubleshooting PC hardware :
_bslightly askew advice on maintaining, repairing, and upgrading your PC /
_cAlfred Poor.
260 _aReading, Mass. :
_bAddison-Wesley,
_cc1996.
300 _axxi, 247 p. :
_bill. ;
_c23 cm.
440 4 _aThe underground guide series
_9105875
505 _aCPUs and Motherboards (Page-1), Memory (Page-31), Storage (Page-55), Displays (Page-91), Printers (Page-125), Multimedia Stuff (Page-159), Input Devices Keyboards, Mice, Joysticks, Scanners (Page-181), Portable Stuff (Page-207), Appendix Sources (Page-225).
650 0 _aIBM-compatible computers
_xMaintenance and repair
_xHandbooks, manuals, etc.
_9105876
650 0 _aIBM-compatible computers
_xUpgrading
_xHandbooks, manuals, etc.
_9105877
942 _2ddc
_cBK
999 _c176609
_d176609